000 00735nam a2200265Ia 4500
003 OSt
005 20220918205842.0
006 a|||||r|||| 00| 0
007 ta
008 220917b |||||||| |||| 00| 0 eng d
024 _a118,167
037 _cTextual
040 _aARTS
_cARTS
_beng
041 _2eng
_aeng
082 _aV73:1:K8, J3
100 _aHall Clayton Colman ed
_9116374
110 _a`
_9116375
245 0 _aNarratives of early Maryland, 1633-1684
260 _c1953
490 _aOriginal narratives of early American history , ed by J Franklin Jameson; 5
650 _aHISTORY
700 _a`
_9116376
942 _hV73:1:K8, J3
_cTEXL
_2CC
999 _c241438
_d241438